|
|
|
|
| LEADER |
00000nam2a2200000 4500 |
| 001 |
247908 |
| 005 |
20231101232336.0 |
| 035 |
|
|
|a (RuTPU)RU\TPU\book\269532
|
| 035 |
|
|
|a RU\TPU\book\269530
|
| 090 |
|
|
|a 247908
|
| 100 |
|
|
|a 20140115d2012 k y0rusy50 ca
|
| 101 |
0 |
|
|a rus
|
| 102 |
|
|
|a RU
|
| 105 |
|
|
|a a z 101zy
|
| 200 |
0 |
|
|a Т. 2: Теплоэнергетическое и гуманитарные направления
|
| 210 |
|
|
|d 2012
|
| 215 |
|
|
|a 400 с.
|c ил.
|
| 320 |
|
|
|a Библиография в конце докладов.
|
| 461 |
|
1 |
|0 (RuTPU)RU\TPU\book\270607
|t Энергетика: эффективность, надежность, безопасность
|o труды XIV Международного студенческого научно-технического семинара, Томск, 24-27 апреля 2012 г.
|f Национальный исследовательский Томский политехнический университет (ТПУ), Энергетический институт (ЭНИН)
|v Т. 2: Теплоэнергетическое и гуманитарные направления
|d 2012
|
| 606 |
1 |
|
|a Энергетика
|2 stltpush
|3 (RuTPU)RU\TPU\subj\21200
|9 46224
|
| 610 |
1 |
|
|a тепловая энергия
|
| 610 |
1 |
|
|a котлостроение
|
| 610 |
1 |
|
|a реакторостроение
|
| 610 |
1 |
|
|a ТЭС
|
| 610 |
1 |
|
|a тепловые электрические станции
|
| 610 |
1 |
|
|a АЭС
|
| 610 |
1 |
|
|a атомные электрические станции
|
| 610 |
1 |
|
|a промышленная теплоэнергетика
|
| 610 |
1 |
|
|a теплоэнергетические процессы
|
| 610 |
1 |
|
|a автоматизация
|
| 610 |
1 |
|
|a экология
|
| 610 |
1 |
|
|a надежность
|
| 610 |
1 |
|
|a гуманитарные аспекты
|
| 610 |
1 |
|
|a семинары
|
| 610 |
1 |
|
|a труды учёных ТПУ
|
| 675 |
|
|
|a 620.9(063)
|v 3
|
| 801 |
|
1 |
|a RU
|b 63413507
|c 20140115
|
| 801 |
|
2 |
|a RU
|b 63413507
|c 20140127
|g RCR
|
| 942 |
|
|
|c BK
|